000 00431nam a22001697a 4500
003 MPLRDC
005 20220104123321.0
008 210129b ||||| |||| 00| 0 eng d
020 _a962-170-0831-
082 _a857.623 YG-8 v.14 c.2
100 _a余过
245 _a赌妓
_c
260 _a
_b博益出版集团有限公司
_c1990
490 _a余过作品. 14
650 _a灵异小说
942 _cBK
_o857.623 YG-8 v.14 c.2
999 _c10348
_d10338